| 000 | 01043nam a2200217Ia 4500 | ||
|---|---|---|---|
| 003 | Ost | ||
| 005 | 20260507075018.0 | ||
| 008 | 260507s9999||||xx |||||||||||||| ||und|| | ||
| 040 | _cfsecg | ||
| 041 | _aara | ||
| 082 | _a553.286588 | ||
| 100 |
_aعفيفي، صديق محمد _eمؤلف |
||
| 245 | 0 |
_aتسويق البترول / _c صديق محمد عفيفي |
|
| 250 | _aطبعة 9 | ||
| 260 |
_aالإسكندرية: _bمكتبة عين شمس, _c2003 |
||
| 300 |
_a590 صفحة؛ _bإيضاحات ؛ _c25 سم |
||
| 520 | _aتصميم استراتيجية تسويق البترول-الفرص والأهداف-استراتيجية المنتجات في الصناعة البترولية-استراتيجية الأسعار في الصناعة البترولية-استراتيجية التوزيع وهيكل الصناعة البترولية-استراتيجية الترويج في الصناعة البترولية | ||
| 653 | _a الصناعة البترولية | ||
| 653 | _aالبترول-تسويق | ||
| 942 | _cكتاب | ||
| 999 |
_c42230 _d42230 |
||